[Event "CAN-ch U12"]
[Site "Windsor"]
[Date "2010.07.07"]
[Round "3"]
[White "McCullough, David"]
[Black "Yang, Benjamin"]
[Result "1-0"]
[WhiteElo "1422"]
[BlackElo "1744"]
[PlyCount "71"]
[EventDate "2010.07.06"]
[EventType "swiss"]
[EventRounds "7"]
[EventCountry "CAN"]
[SourceTitle "EXT 2012"]
[Source "ChessBase"]
[SourceDate "2011.11.24"]
[SourceVersion "1"]
[SourceVersionDate "2011.11.24"]
[SourceQuality "1"]

1. d4 d6 2. c4 f5 3. e3 Nf6 4. Nf3 g6 5. g3 Bg7 6. Bg2 0-0 7. 0-0 c6 8. Nc3 a5 9. a4 Kh8 10. Bd2 Be6 11. b3 Na6 12. Rb1 h6 13. Bc1 Kh7 14. Bb2 Bf7 15. Nh4 Nc7 16. Re1 d5 17. Bh3 dxc4 18. bxc4 Bxc4 19. Ba3 b5 20. Bc5 b4 21. Ne2 Bxe2 22. Qxe2 Na6 23. Red1 Ne4 24. Qc2 Nc3 25. g4 e6 26. Bxf8 Qxh4 27. Bxg7 Qxh3 28. d5 Qxg4+ 29. Kf1 Kxg7 30. dxe6 Nxd1 31. Rxd1 Qh3+ 32. Ke1 Qxh2 33. Qb2+ Kg8 34. Rd7 Qg1+ 35. Ke2 Qg4+ 36. Kd2 1-0